Portugal na Uniáo Europeia 1996 décimo primeiro ano

Uložené v:
Podrobná bibliografia
Médium: Kniha
Jazyk:Portuguese
Vydavateľské údaje: Lisboa Ministério dos negócios estrangeiros 1997
Predmet:
Tagy: Pridať tag
Žiadne tagy, Buďte prvý, kto otaguje tento záznam!

MARC

LEADER 00000nam a2200000 4500
001 c136290
005 20221124074850.7
020 |a 972-9245-22-3 
041 0 |a por 
044 |a PT 
245 1 0 |a Portugal na Uniáo Europeia 1996  |b décimo primeiro ano 
264 1 |a Lisboa  |b Ministério dos negócios estrangeiros  |c 1997 
300 |a 518 s. 
610 2 0 |a Európska únia 
610 2 0 |a Portugalsko 
610 2 0 |a spolupráca hospodárska medzinárodná 
610 2 0 |a situácia hospodárska 
610 2 0 |a obchod medzinárodný 
610 2 0 |a politika 
610 2 0 |a politika hospodárska 
610 2 0 |a kultúra 
610 2 0 |a právo 
610 2 0 |a vzdelanie 
610 2 0 |a priemysel 
610 2 0 |a doprava 
610 2 0 |a poľnohospodárstvo